[Event "PRO League KO Stage 2017"]
[Site "chess.com INT"]
[Date "2017.03.01"]
[Round "1"]
[White "Kunte, Abhijit"]
[Black "Carlsen, Magnus"]
[Result "0-1"]
[WhiteTitle "GM"]
[BlackTitle "GM"]
[WhiteElo "2491"]
[BlackElo "2838"]
[WhiteTeam "Mumbai Movers"]
[BlackTeam "Norway Gnomes"]
[WhiteFideId "5002265"]
[BlackFideId "1503014"]
[EventDate "2017.03.01"]

1. Nf3 d5 2. g3 Nc6 3. d4 Bf5 4. c3 e6 5. Bg2 Be7 6. O-O Nf6 7. Nbd2 h6 8. b4
O-O 9. Nb3 Ne4 10. Bd2 a5 11. b5 Nb8 12. a4 Nd7 13. Qc1 Nb6 14. Ne5 Bf6 15. Nd3
Nc4 16. Bf4 b6 17. Re1 Ng5 18. Be5 Rc8 19. Nd2 Nxd2 20. Qxd2 Be7 21. Bf4 c6 22.
bxc6 Rxc6 23. Ne5 Rc8 24. Qb2 Nh3+ 25. Bxh3 Bxh3 26. Qb3 Bf5 27. Ra2 Bd6 28. Rb2
Bxe5 29. Bxe5 Rc6 30. Rc1 Qd7 31. Bf4 Rfc8 32. Bd2 f6 33. Qb5 Kh7 34. Qa6 Qc7
35. Rd1 h5 36. Bf4 Qd8 37. h4 Qe8 38. Ra1 e5 39. dxe5 fxe5 40. Bg5 Qe6 41. Rd1
Be4 42. Qb5 Qh3 43. f3 Qxg3+ 44. Kf1 Bf5 0-1

[Event "PRO League KO Stage 2017"]
[Site "chess.com INT"]
[Date "2017.03.01"]
[Round "1"]
[White "Kunte, Abhijit"]
[Black "Kaasen, Tor Fredrik"]
[Result "0-1"]
[WhiteTitle "GM"]
[BlackTitle "FM"]
[WhiteElo "2491"]
[BlackElo "2442"]
[WhiteTeam "Mumbai Movers"]
[BlackTeam "Norway Gnomes"]
[WhiteFideId "5002265"]
[BlackFideId "1516647"]
[EventDate "2017.03.01"]

1. Nf3 Nf6 2. g3 g6 3. Bg2 Bg7 4. O-O O-O 5. d4 d6 6. Re1 Nbd7 7. e4 e5 8. c3 c6
9. a4 a5 10. Nbd2 Qc7 11. Qc2 Re8 12. h3 d5 13. exd5 Nxd5 14. Nc4 f6 15. dxe5
Nxe5 16. Ncxe5 fxe5 17. Ng5 Bf5 18. Ne4 h6 19. Bd2 Rad8 20. Re2 Qf7 21. Rae1 Re7
22. Qc1 Kh7 23. Qa1 Nb6 24. Be3 Nc4 25. Bd2 Bxe4 0-1

[Event "PRO League KO Stage 2017"]
[Site "chess.com INT"]
[Date "2017.03.01"]
[Round "1"]
[White "Agdestein, Simen"]
[Black "Kunte, Abhijit"]
[Result "1-0"]
[WhiteTitle "GM"]
[BlackTitle "GM"]
[WhiteElo "2603"]
[BlackElo "2491"]
[WhiteTeam "Norway Gnomes"]
[BlackTeam "Mumbai Movers"]
[WhiteFideId "1500015"]
[BlackFideId "5002265"]
[EventDate "2017.03.01"]

1. d4 Nf6 2. c4 e6 3. Nf3 Bb4+ 4. Bd2 c5 5. Bxb4 cxb4 6. g3 O-O 7. Bg2 d6 8. O-O
Re8 9. Qd3 Qc7 10. Nbd2 e5 11. e4 Nc6 12. h3 b6 13. Rac1 Bb7 14. Rfe1 Rad8 15.
Nf1 Rc8 16. b3 Nb8 17. g4 Nbd7 18. Ng3 exd4 19. Nxd4 Nc5 20. Qb1 a6 21. Rcd1
Rcd8 22. g5 Nfd7 23. Ndf5 Ne5 24. f4 Ng6 25. Nh5 Ne6 26. Qb2 f6 27. gxf6 Ngxf4
28. fxg7 Nxg7 29. Nxf4 1-0

[Event "PRO League KO Stage 2017"]
[Site "chess.com INT"]
[Date "2017.03.01"]
[Round "1"]
[White "Agdestein, Simen"]
[Black "Mithil, Ajgaonkar"]
[Result "1/2-1/2"]
[WhiteTitle "GM"]
[WhiteElo "2603"]
[BlackElo "2203"]
[WhiteTeam "Norway Gnomes"]
[BlackTeam "Mumbai Movers"]
[WhiteFideId "1500015"]
[BlackFideId "5017343"]
[EventDate "2017.03.01"]

1. d4 d5 2. c4 e6 3. Nf3 Nf6 4. Nc3 c6 5. e3 Nbd7 6. Bd3 Be7 7. O-O O-O 8. e4
dxe4 9. Nxe4 b6 10. Qe2 Bb7 11. Rd1 Re8 12. Bf4 Nxe4 13. Bxe4 Nf6 14. Bc2 Qc8
15. Ng5 c5 16. Qd3 h6 17. Nxf7 Be4 18. Nxh6+ gxh6 19. Qg3+ Kf7 20. Bxe4 Nxe4 21.
Qf3 Nf6 22. Bxh6 Rh8 23. Bg5 cxd4 24. Rxd4 e5 25. Re4 Qc6 26. Rae1 Bb4 27. R1e2
Rad8 28. h4 Rd1+ 29. Kh2 Rd4 30. Qf5 Rxe4 31. Rxe4 Qxe4 32. Qxf6+ Kg8 33. Qe6+
Kf8 34. Qc8+ Kg7 35. Qd7+ Kf8 36. Qd8+ Kg7 37. Qd7+ Kg8 38. Qe8+ Kg7 39. Qd7+
Kg8 40. Qe6+ Kf8 41. Qf6+ Kg8 42. Qd8+ Kh7 43. Qd7+ Kg8 44. Qe8+ Kg7 45. Qd7+
Kg8 46. Qe6+ Kf8 47. Qf6+ Kg8 48. Qe6+ Kf8 1/2-1/2

[Event "PRO League KO Stage 2017"]
[Site "chess.com INT"]
[Date "2017.03.01"]
[Round "1"]
[White "Aleskerov, Faik"]
[Black "Xiong, Jeffery"]
[Result "0-1"]
[BlackTitle "GM"]
[WhiteElo "2315"]
[BlackElo "2674"]
[WhiteTeam "San Jose Hackers"]
[BlackTeam "Dallas Destiny"]
[WhiteFideId "13401262"]
[BlackFideId "2047640"]
[EventDate "2017.03.01"]

1. e4 c5 2. Nf3 d6 3. Bb5+ Nd7 4. O-O Nf6 5. Re1 a6 6. Bd3 e6 7. c3 b5 8. a4 c4
9. Bc2 Bb7 10. axb5 axb5 11. Rxa8 Bxa8 12. d3 Be7 13. Na3 cxd3 14. Bxd3 b4 15.
cxb4 O-O 16. h3 Qb8 17. Bd2 Rc8 18. Bc3 d5 19. e5 Ne4 20. Bxe4 dxe4 21. Qxd7 Rc7
22. Qb5 Rb7 23. Qe2 exf3 24. Qxf3 Bxb4 25. Qd3 Bxa3 26. bxa3 Rb3 27. Qd6 Qc8 28.
Bd2 h6 29. Re3 Qb7 30. f3 Qa7 31. Kf2 Bd5 32. a4 Rb2 33. Ke1 Qxa4 34. Qd8+ Kh7
35. Qc7 Qh4+ 36. Kd1 Qf2 37. Qc3 Bb3+ 38. Kc1 Rc2+ 39. Qxc2+ Bxc2 40. Kxc2 Qxg2 0-1

[Event "PRO League KO Stage 2017"]
[Site "chess.com INT"]
[Date "2017.03.01"]
[Round "1"]
[White "Ghasi, Ameet K"]
[Black "Van der Lende, Ilias"]
[Result "1-0"]
[WhiteTitle "IM"]
[BlackTitle "FM"]
[WhiteElo "2461"]
[BlackElo "2355"]
[WhiteTeam "London Towers"]
[BlackTeam "Amsterdam Mosquitos"]
[WhiteFideId "409200"]
[BlackFideId "1019260"]
[EventDate "2017.03.01"]

1. Nf3 c5 2. g3 g6 3. Bg2 Bg7 4. O-O Nf6 5. c3 O-O 6. d4 cxd4 7. cxd4 d5 8. Ne5
Nc6 9. Nc3 Bf5 10. Bf4 Qb6 11. Na4 Qa5 12. Nxc6 bxc6 13. Rc1 Rfc8 14. b3 Nd7 15.
Re1 Nb6 16. Nc3 Qb4 17. e4 dxe4 18. Bxe4 Bxe4 19. Rxe4 f5 20. Re6 Bxd4 21. a3
Qc5 22. Ne2 Bxf2+ 23. Kf1 Qxa3 24. Kxf2 Rd8 25. Qc2 Nd5 26. Rxc6 Qb4 27. Qc4 a5
28. Rc5 Qxc4 29. R1xc4 Nb4 30. Rc7 e5 31. Bg5 Nd3+ 32. Ke3 Rd6 33. Bh6 Nb4 34.
Kf2 Nd5 35. Rg7+ Kh8 36. Rb7 Kg8 37. Rg7+ Kh8 38. Ra7 Rdd8 39. Bg7+ Kg8 40. Rxa8
Rxa8 41. Bxe5 Re8 42. Bd4 Nb4 43. Nf4 g5 44. Ne2 Nd3+ 45. Kf1 f4 46. gxf4 gxf4
47. Rc3 f3 48. Rxd3 Rxe2 49. Bf2 Ra2 50. Rxf3 a4 51. b4 a3 52. Bc5 Ra1+ 53. Kg2
h5 54. Rb3 a2 55. Ra3 Kf7 56. Ra6 1-0

[Event "PRO League KO Stage 2017"]
[Site "chess.com INT"]
[Date "2017.03.01"]
[Round "1"]
[White "Spoelman, Wouter"]
[Black "Arkell, Keith C"]
[Result "0-1"]
[WhiteTitle "GM"]
[BlackTitle "GM"]
[WhiteElo "2588"]
[BlackElo "2408"]
[WhiteTeam "Amsterdam Mosquitos"]
[BlackTeam "London Towers"]
[WhiteFideId "1010891"]
[BlackFideId "400270"]
[EventDate "2017.03.01"]

1. c4 c5 2. Nc3 Nc6 3. g3 g6 4. Bg2 Bg7 5. Nf3 Nf6 6. d4 cxd4 7. Nxd4 Nxd4 8.
Qxd4 d6 9. O-O O-O 10. b3 Ne4 11. Qxe4 Bxc3 12. Bh6 Bxa1 13. Bxf8 Bf6 14. Bh6
Rb8 15. h4 Bf5 16. Qe3 Qa5 17. Bg5 Qxa2 18. Bxf6 exf6 19. Rd1 Bc2 20. Rxd6 Bxb3
21. c5 Be6 22. Qd4 Kg7 23. h5 Qb1+ 24. Kh2 Qf5 25. Bf3 Rc8 26. Qe3 gxh5 27. c6
bxc6 28. Rd4 Qg5 29. Qa3 Bd5 30. e4 Be6 31. Qxa7 h4 32. Rd1 hxg3+ 33. fxg3 c5
34. Qa3 c4 35. Qc3 Rb8 36. Kg2 Rb3 37. Qd4 c3 0-1

[Event "PRO League KO Stage 2017"]
[Site "chess.com INT"]
[Date "2017.03.01"]
[Round "1"]
[White "Spoelman, Wouter"]
[Black "Rendle, Thomas E"]
[Result "1-0"]
[WhiteTitle "GM"]
[BlackTitle "IM"]
[WhiteElo "2588"]
[BlackElo "2360"]
[WhiteTeam "Amsterdam Mosquitos"]
[BlackTeam "London Towers"]
[WhiteFideId "1010891"]
[BlackFideId "408760"]
[EventDate "2017.03.01"]

1. c4 f5 2. Nc3 Nf6 3. g3 d6 4. Bg2 g6 5. Nf3 Bg7 6. O-O O-O 7. a3 e5 8. d3 Nh5
9. Rb1 Nc6 10. Nd5 f4 11. b4 Bg4 12. b5 Ne7 13. Nd2 Rb8 14. Ne4 Kh8 15. a4 Qd7
16. Bd2 Be6 17. Ng5 Bf5 18. e4 fxe3 19. Bxe3 b6 20. a5 Nf6 21. Nxf6 Bxf6 22. Ne4
Bg7 23. Qb3 Be6 24. Ng5 Bg8 25. axb6 axb6 26. Ra1 d5 27. Ra7 h6 28. Nf3 Rbd8 29.
Qc2 Nc8 30. Ra4 Ne7 31. Ra7 Nc8 32. Ra4 Ne7 33. cxd5 Nxd5 34. Bd2 Qxb5 35. Rh4
h5 36. d4 Ne7 37. dxe5 Nf5 38. Rf4 c5 39. Nh4 Nxh4 40. Rxh4 Qd3 41. Qxd3 Rxd3
42. Bf4 Rd4 43. Re1 c4 44. e6 Re8 45. e7 Bd5 46. Bh3 Bf3 47. Bg5 Rd5 48. Rxc4
Rxg5 49. Bd7 Rxe7 50. Rxe7 Rd5 51. Rc1 Rd2 52. Bc6 Bb2 53. Bxf3 Bxc1 54. Re6 Kg7
55. Be4 g5 56. Rg6+ Kf7 57. Rxb6 Re2 58. Bg6+ Ke7 59. Bxh5 Re1+ 60. Kg2 Bd2 61.
Rb8 Re5 62. Re8+ Kf6 63. Rf8+ Ke7 64. Rf7+ Kd6 65. Bg4 Bc3 66. Rd7+ Kc6 67. Rd3
Bb4 68. Bf3+ Kc7 69. h4 gxh4 70. gxh4 Be7 71. h5 Bg5 72. Kh3 Bh6 73. Bg4 Re1 74.
Rd4 Rf1 75. Kg2 Re1 76. f4 Kc6 77. Bf3+ Kc5 78. Rd5+ Kc4 79. Rf5 Kd4 80. Rf6 Bg7
81. Rd6+ Kc3 82. h6 Bd4 83. h7 1-0

[Event "PRO League KO Stage 2017"]
[Site "chess.com INT"]
[Date "2017.03.01"]
[Round "1"]
[White "Szabo, Gergely-Andras-Gyula"]
[Black "Quesada Perez, Yuniesky"]
[Result "1-0"]
[WhiteTitle "GM"]
[BlackTitle "GM"]
[WhiteElo "2545"]
[BlackElo "2630"]
[WhiteTeam "Toronto Dragons"]
[BlackTeam "Miami Champions"]
[WhiteFideId "1205064"]
[BlackFideId "3504409"]
[EventDate "2017.03.01"]

1. e4 e5 2. Nf3 Nc6 3. d4 exd4 4. Nxd4 Bc5 5. Nb3 Bb6 6. Nc3 Nf6 7. Qe2 O-O 8.
Be3 d5 9. O-O-O d4 10. Bg5 Qd6 11. Bxf6 Qxf6 12. Nd5 Qg6 13. Kb1 Be6 14. Nf4 Qf6
15. g3 Rad8 16. Bg2 a5 17. Nc1 a4 18. a3 Ne5 19. Ncd3 Bc4 20. Qd2 Rfe8 21. Qb4
Qc6 22. Rhe1 Ra8 23. Nxe5 Rxe5 24. Nd5 Ba5 25. Ne7+ Rxe7 26. Qxe7 Re8 27. Qg5
Qb6 28. e5 h6 29. Qc1 Bxe1 30. Rxe1 d3 31. Be4 dxc2+ 32. Qxc2 Bb3 33. Qd2 c6 34.
Bc2 Rd8 35. Qe3 Qb5 36. f4 Qc4 37. Qe2 1-0

[Event "PRO League KO Stage 2017"]
[Site "chess.com INT"]
[Date "2017.03.01"]
[Round "1"]
[White "Stukopin, Andrey"]
[Black "Khachiyan, Melikset"]
[Result "1-0"]
[WhiteTitle "GM"]
[BlackTitle "GM"]
[WhiteElo "2587"]
[BlackElo "2530"]
[WhiteTeam "Rio Grande Ospreys"]
[BlackTeam "San Diego Surfers"]
[WhiteFideId "24107131"]
[BlackFideId "13300512"]
[EventDate "2017.03.01"]

1. Nf3 d5 2. g3 Nf6 3. Bg2 g6 4. c4 c6 5. b3 Bg7 6. Bb2 O-O 7. O-O Bg4 8. d3
Bxf3 9. Bxf3 e6 10. Nd2 Nbd7 11. Qc2 h5 12. d4 h4 13. Rad1 Qc7 14. e4 dxe4 15.
Nxe4 Nxe4 16. Qxe4 hxg3 17. hxg3 Rad8 18. Kg2 Rfe8 19. Rfe1 f5 20. Qe3 Kf7 21.
Re2 e5 22. dxe5 Nxe5 23. Rxd8 Qxd8 24. Qxa7 Qd7 25. Qe3 Nxf3 26. Qxf3 Rxe2 27.
Qxe2 Bxb2 28. Qxb2 f4 29. Qh8 Qf5 30. Qh7+ Ke8 31. Qh8+ Kf7 32. Qd4 fxg3 33.
Kxg3 Qb1 34. Qd7+ Kf6 35. Qd4+ Ke6 36. Qe3+ Kd7 37. a4 Qg1+ 38. Kf4 Qh2+ 39. Ke4
Qh1+ 40. Kd4 Qd1+ 41. Kc3 Qa1+ 42. Kb4 Qd1 43. a5 Kc8 44. Kc5 Kb8 45. a6 bxa6
46. Kxc6 Qd8 47. Qb6+ 1-0

[Event "PRO League KO Stage 2017"]
[Site "chess.com INT"]
[Date "2017.03.01"]
[Round "1"]
[White "Stukopin, Andrey"]
[Black "Brown, Michael William"]
[Result "0-1"]
[WhiteTitle "GM"]
[BlackTitle "IM"]
[WhiteElo "2587"]
[BlackElo "2478"]
[WhiteTeam "Rio Grande Ospreys"]
[BlackTeam "San Diego Surfers"]
[WhiteFideId "24107131"]
[BlackFideId "2037602"]
[EventDate "2017.03.01"]

1. e4 e5 2. Bc4 Nf6 3. d3 Bc5 4. Nc3 Nc6 5. a3 d6 6. Na4 Bb6 7. Nxb6 axb6 8. Nf3
O-O 9. c3 d5 10. exd5 Nxd5 11. O-O Bg4 12. h3 Bh5 13. Re1 Re8 14. d4 e4 15. g4
Bg6 16. Nh2 Qd6 17. Nf1 Rad8 18. Bg5 f6 19. Bh4 Qd7 20. f3 Kh8 21. fxe4 Rxe4 22.
Rxe4 Bxe4 23. Qd2 g5 24. Bg3 h5 25. Re1 Re8 26. Qf2 Kg7 27. Rxe4 Rxe4 28. Qf3 f5
29. gxf5 Nf6 30. Be6 Qe7 31. Nd2 g4 32. Qf2 Rxe6 33. fxe6 Qxe6 34. hxg4 Qxg4 35.
Qg2 Qd1+ 36. Nf1 Kf7 37. Bxc7 b5 38. Qf2 Qg4+ 39. Qg3 Qe4 40. Qe3 Qg4+ 41. Qg3
Qe4 42. Qf4 Qg6+ 43. Kh1 Ne7 44. Be5 Nd5 45. Qf3 Qb1 46. Kg2 Qxb2+ 47. Kg1 Qxc3
48. Qf5 Qxa3 49. Bxf6 Nxf6 50. Qxb5 Qe7 51. Qc4+ Qe6 52. Qc7+ Qe7 53. Qc4+ Kg7
54. Ng3 Qe3+ 55. Kg2 Qd2+ 56. Kf3 Qd1+ 57. Kf4 Qg4+ 58. Ke5 Qxg3+ 59. Ke6 Qe3+
60. Kd6 h4 61. d5 Qg3+ 62. Ke6 Qg4+ 63. Qxg4+ Nxg4 64. d6 Nf6 0-1

[Event "PRO League KO Stage 2017"]
[Site "chess.com INT"]
[Date "2017.03.01"]
[Round "1"]
[White "Sharafiev, Azat"]
[Black "Kovalenko, Igor"]
[Result "1-0"]
[WhiteTitle "IM"]
[BlackTitle "GM"]
[WhiteElo "2433"]
[BlackElo "2672"]
[WhiteTeam "Gorky Stormbringers"]
[BlackTeam "Riga Magicians"]
[WhiteFideId "4186214"]
[BlackFideId "14117908"]
[EventDate "2017.03.01"]

1. Nf3 Nf6 2. c4 e6 3. g3 d5 4. Bg2 Be7 5. d4 O-O 6. O-O Nbd7 7. Nbd2 a6 8. Qc2
c5 9. b3 b5 10. Bb2 Bb7 11. Rac1 Rc8 12. Qb1 h6 13. Rfd1 Qb6 14. cxd5 Nxd5 15.
Qa1 N5f6 16. e3 Rfd8 17. dxc5 Bxc5 18. Bd4 Bxd4 19. Nxd4 Bxg2 20. Kxg2 Qb7+ 21.
Kg1 Nc5 22. b4 Nd3 23. Rxc8 Rxc8 24. Qb1 Nxf2 25. Kxf2 Ng4+ 26. Kg1 Nxe3 27.
N4f3 Nxd1 28. Qxd1 Qd5 29. Qb1 Rc3 30. Kf2 g6 31. Ke2 g5 32. h3 Ra3 33. Nb3 Ra4
34. Qc2 Rxb4 35. Qc8+ Kh7 36. Qxa6 Ra4 37. Qb6 Rxa2+ 38. Nbd2 Qe5+ 39. Nxe5 1-0

[Event "PRO League KO Stage 2017"]
[Site "chess.com INT"]
[Date "2017.03.01"]
[Round "1"]
[White "Sharafiev, Azat"]
[Black "Samolins, Vitalijs"]
[Result "1-0"]
[WhiteTitle "IM"]
[BlackTitle "IM"]
[WhiteElo "2433"]
[BlackElo "2402"]
[WhiteTeam "Gorky Stormbringers"]
[BlackTeam "Riga Magicians"]
[WhiteFideId "4186214"]
[BlackFideId "11602112"]
[EventDate "2017.03.01"]

1. Nf3 f5 2. g3 Nf6 3. Bg2 g6 4. O-O Bg7 5. d4 O-O 6. c4 d6 7. Nc3 Nc6 8. d5 Na5
9. Qd3 c5 10. Bd2 a6 11. Ng5 Rb8 12. b3 Bd7 13. e4 b5 14. Ne6 Bxe6 15. dxe6 bxc4
16. bxc4 fxe4 17. Nxe4 Ng4 18. Rac1 Ne5 19. Qd5 Naxc4 20. Rxc4 Nxc4 21. Qxc4 d5
22. Qxc5 dxe4 23. Be3 Rb5 24. Qc6 Qc8 25. Qxe4 Re5 26. Qg4 Kh8 27. Bh3 Qc2 28.
a3 Qd3 29. Bd4 Ref5 30. Bxg7+ Kxg7 31. Qb4 Rf3 32. Qxe7+ Kh8 33. Qc5 Qe2 34. Bg4
Rxg3+ 35. hxg3 Qxg4 36. Qxf8# 1-0

[Event "PRO League KO Stage 2017"]
[Site "chess.com INT"]
[Date "2017.03.01"]
[Round "1"]
[White "Bitalzadeh, Ali"]
[Black "Ghasi, Ameet K"]
[Result "0-1"]
[WhiteTitle "IM"]
[BlackTitle "IM"]
[WhiteElo "2383"]
[BlackElo "2461"]
[WhiteTeam "Amsterdam Mosquitos"]
[BlackTeam "London Towers"]
[WhiteFideId "1010972"]
[BlackFideId "409200"]
[EventDate "2017.03.01"]

1. Nf3 Nf6 2. g3 g6 3. Bg2 Bg7 4. O-O O-O 5. c4 c6 6. d4 d5 7. Nc3 dxc4 8. Ne5
Be6 9. Bf4 Nd5 10. e4 Nxf4 11. gxf4 Nd7 12. Qe2 Qc7 13. Nd1 Rad8 14. Ne3 Nxe5
15. dxe5 b5 16. f5 Bc8 17. f4 Rd3 18. fxg6 fxg6 19. Rad1 Rxd1 20. Nxd1 Bh6 21.
Qe3 Qb6 22. Qxb6 axb6 23. f5 Bg7 24. e6 Bd4+ 25. Kh1 c5 26. h4 b4 27. h5 Kg7 28.
Rf3 gxf5 29. exf5 Kh6 30. Nf2 Bxf2 31. Rxf2 Bxe6 0-1

[Event "PRO League KO Stage 2017"]
[Site "chess.com INT"]
[Date "2017.03.01"]
[Round "1"]
[White "Bitalzadeh, Ali"]
[Black "Arkell, Keith C"]
[Result "1/2-1/2"]
[WhiteTitle "IM"]
[BlackTitle "GM"]
[WhiteElo "2383"]
[BlackElo "2408"]
[WhiteTeam "Amsterdam Mosquitos"]
[BlackTeam "London Towers"]
[WhiteFideId "1010972"]
[BlackFideId "400270"]
[EventDate "2017.03.01"]

1. Nf3 Nf6 2. g3 b5 3. Bg2 Bb7 4. O-O e6 5. a4 b4 6. c4 c5 7. d4 cxd4 8. Qxd4
Be7 9. Nbd2 Nc6 10. Qf4 Qb8 11. b3 Qxf4 12. gxf4 Na5 13. Bb2 O-O 14. Rac1 Ne4
15. Rfd1 Nc5 16. Nd4 Bxg2 17. Kxg2 Bf6 18. Rb1 a6 19. Nc2 Bxb2 20. Rxb2 Rab8 21.
Ne1 d5 22. cxd5 exd5 23. Nef3 Ne4 24. Nxe4 dxe4 25. Ne5 Rfd8 26. Nd7 Rbc8 27.
Rd5 Nc6 28. Rbd2 f6 29. Rd6 Kf7 30. Nb6 Rb8 31. Nc4 Rxd6 32. Nxd6+ Kg6 33. Nxe4
Na5 34. Nc5 Rb6 35. Rd5 Rc6 36. f5+ Kh5 37. f4 Rc8 38. e4 Nc6 39. Ne6 Ne7 40.
Rd7 Rc2+ 41. Kg1 Nc6 42. Rxg7 Rb2 43. Rg3 Kh4 44. Kh1 Rb1+ 45. Kg2 Rb2+ 46. Kg1
Rb1+ 47. Kg2 Rb2+ 48. Kh1 Rb1+ 49. Kg2 Rb2+ 1/2-1/2

[Event "PRO League KO Stage 2017"]
[Site "chess.com INT"]
[Date "2017.03.01"]
[Round "1"]
[White "Neiksans, Arturs"]
[Black "Sharafiev, Azat"]
[Result "1/2-1/2"]
[WhiteTitle "GM"]
[BlackTitle "IM"]
[WhiteElo "2613"]
[BlackElo "2433"]
[WhiteTeam "Riga Magicians"]
[BlackTeam "Gorky Stormbringers"]
[WhiteFideId "11601388"]
[BlackFideId "4186214"]
[EventDate "2017.03.01"]

1. c4 c5 2. Nf3 Nc6 3. d4 cxd4 4. Nxd4 g6 5. e4 Bg7 6. Be3 Nf6 7. Nc3 O-O 8. Be2
d6 9. f3 Nxd4 10. Bxd4 Bd7 11. Qd2 Bc6 12. O-O a5 13. b3 Nd7 14. Be3 Nc5 15.
Rab1 Qc7 16. Rfd1 Rfc8 17. Bf1 Qb6 18. Nb5 Qd8 19. Rbc1 Qf8 20. Nc3 h5 21. g3
Kh7 22. Bg2 Bh6 23. f4 Bg7 24. Bxc5 dxc5 25. e5 f6 26. Bxc6 Rxc6 27. exf6 Bxf6
28. Nb5 a4 29. Qe2 axb3 30. axb3 Rca6 31. Rd7 Ra1 32. Rcd1 R8a2 33. Qf3 Qc8 34.
Rxa1 Rxa1+ 35. Rd1 Ra2 36. Rf1 Qf5 37. Rf2 Qb1+ 38. Kg2 Rxf2+ 39. Kxf2 Qc2+ 40.
Kg1 b6 41. Qe3 Kg7 42. h3 Qf5 43. Kg2 g5 44. fxg5 Bxg5 45. Qe2 Bf6 46. Nc7 Qb1
47. Ne6+ Kh6 48. Nf4 Qf5 49. Qd3 Qg5 50. Qd5 e5 51. Nd3 h4 52. g4 Qd2+ 53. Nf2
Qb2 54. Qf7 e4 55. Qe6 Kg7 56. Qxe4 Qxb3 57. Qd3 Qb2 58. Qd7+ Kh6 59. Qc6 Kg7
60. Kf3 Qc3+ 61. Kg2 Qxc4 62. Qxb6 Qd5+ 63. Kf1 c4 64. Qc7+ Kg6 65. Ke2 c3 66.
Qc8 Qd2+ 67. Kf3 c2 68. Qg8+ Bg7 69. Qe8+ Kh7 70. Qh5+ Qh6 71. Qxh6+ Bxh6 72.
Nd3 Kg6 73. Ke4 Kf6 74. Kd4 Ke6 75. Kc3 c1=Q+ 76. Nxc1 Bxc1 77. Kd3 Bg5 78. Ke4
Bh6 79. Kf3 Ke5 80. Kg2 Kf4 81. Kh1 Kg3 82. g5 Bxg5 83. Kg1 1/2-1/2

[Event "PRO League KO Stage 2017"]
[Site "chess.com INT"]
[Date "2017.03.01"]
[Round "1"]
[White "Neiksans, Arturs"]
[Black "Yatzenko, Anton"]
[Result "1-0"]
[WhiteTitle "GM"]
[WhiteElo "2613"]
[BlackElo "2356"]
[WhiteTeam "Riga Magicians"]
[BlackTeam "Gorky Stormbringers"]
[WhiteFideId "11601388"]
[BlackFideId "4157826"]
[EventDate "2017.03.01"]

1. c4 Nf6 2. Nf3 e6 3. g3 d5 4. Bg2 Be7 5. d4 O-O 6. Qc2 a6 7. cxd5 exd5 8. O-O
Re8 9. Nc3 c6 10. Bf4 Nbd7 11. Rfe1 Nf8 12. Ne5 Ne6 13. Rad1 Nxf4 14. gxf4 g6
15. f3 Nh5 16. e3 Bh4 17. Rf1 Ng7 18. Qd2 Be6 19. Kh1 Qe7 20. Rg1 Kh8 21. e4 Qf6
22. f5 gxf5 23. exd5 Bxd5 24. Nxd5 cxd5 25. f4 Rad8 26. Bf3 Ne6 27. Rg2 Re7 28.
Rdg1 h6 29. Bh5 Kh7 30. Qe3 Rf8 31. Bxf7 Rexf7 32. Rg6 Rg7 33. Rxf6 Rxf6 34.
Rxg7+ Kxg7 35. Qh3 Be1 36. Qg2+ Kh7 37. Qxd5 Ng7 38. Kg2 Bd2 39. Kf3 b5 40. Qd7
Bb4 41. d5 Rd6 42. Qb7 Kg8 43. a3 Bc5 44. b4 1-0

[Event "PRO League KO Stage 2017"]
[Site "chess.com INT"]
[Date "2017.03.01"]
[Round "1"]
[White "Abreu Delgado, Aryam"]
[Black "Preotu, Razvan"]
[Result "0-1"]
[WhiteTitle "GM"]
[BlackTitle "GM"]
[WhiteElo "2456"]
[BlackElo "2495"]
[WhiteTeam "Miami Champions"]
[BlackTeam "Toronto Dragons"]
[WhiteFideId "3502589"]
[BlackFideId "2613280"]
[EventDate "2017.03.01"]

1. e4 c5 2. Nf3 d6 3. d4 cxd4 4. Qxd4 e5 5. Bb5+ Nd7 6. Qd3 h6 7. O-O Nf6 8. c4
Be7 9. Nc3 O-O 10. Be3 Nb6 11. a4 Be6 12. Nd5 Bxd5 13. cxd5 Ng4 14. a5 Nxe3 15.
fxe3 Nd7 16. b4 a6 17. Ba4 Nf6 18. Nd2 Rc8 19. Nc4 Rc7 20. Nb6 g6 21. h3 Kg7 22.
Rac1 h5 23. Rc4 Rxc4 24. Qxc4 h4 25. Rc1 Nh5 26. Qd3 Bg5 27. Rc3 f5 28. exf5
Rxf5 29. Bd1 Ng3 30. Be2 Qf6 31. e4 Rf1+ 32. Bxf1 Be3+ 33. Kh2 Nxf1+ 34. Kh1 Qf2 0-1

[Event "PRO League KO Stage 2017"]
[Site "chess.com INT"]
[Date "2017.03.01"]
[Round "1"]
[White "Preotu, Razvan"]
[Black "Kumar, Nikhil"]
[Result "0-1"]
[WhiteTitle "GM"]
[BlackTitle "FM"]
[WhiteElo "2495"]
[BlackElo "2444"]
[WhiteTeam "Toronto Dragons"]
[BlackTeam "Miami Champions"]
[WhiteFideId "2613280"]
[BlackFideId "30909040"]
[EventDate "2017.03.01"]

1. e4 c6 2. d4 d5 3. e5 Bf5 4. Nf3 e6 5. Be2 Ne7 6. O-O c5 7. c4 Nbc6 8. dxc5 d4
9. Qb3 Qd7 10. Rd1 Ng6 11. Be3 Bxc5 12. Qb5 b6 13. Nxd4 Bxd4 14. Bxd4 Rd8 15.
Nc3 a6 16. Qxa6 Nxd4 17. Bf1 O-O 18. Nb5 Nf3+ 19. gxf3 Qxd1 20. Rxd1 Rxd1 21.
Nc3 Re1 22. c5 Bh3 23. cxb6 Bxf1 24. Qxf1 Rxf1+ 25. Kxf1 Rb8 26. b4 Rxb6 27. b5
Nxe5 28. Ke2 Nc4 29. Kd3 Na3 0-1

[Event "PRO League KO Stage 2017"]
[Site "chess.com INT"]
[Date "2017.03.01"]
[Round "1"]
[White "Abrahamyan, Tatev"]
[Black "Vazquez, Guillermo"]
[Result "1/2-1/2"]
[WhiteTitle "WGM"]
[BlackTitle "IM"]
[WhiteElo "2364"]
[BlackElo "2436"]
[WhiteTeam "San Diego Surfers"]
[BlackTeam "Rio Grande Ospreys"]
[WhiteFideId "13301918"]
[BlackFideId "3702308"]
[EventDate "2017.03.01"]

1. e4 c6 2. d4 d5 3. Nc3 dxe4 4. Nxe4 Bf5 5. Ng3 Bg6 6. h4 h6 7. Nf3 Nd7 8. h5
Bh7 9. Bd3 Bxd3 10. Qxd3 e6 11. Bd2 Ngf6 12. O-O-O Be7 13. Kb1 O-O 14. Ne4 Nxe4
15. Qxe4 Nf6 16. Qe2 Qd5 17. Be3 Bd6 18. Nd2 Qb5 19. c4 Qf5+ 20. Ka1 Rfd8 21. f3
Bf4 22. Nf1 Bxe3 23. Qxe3 c5 24. g4 cxd4 25. gxf5 dxe3 26. Nxe3 exf5 27. Rdg1
Kf8 28. Nxf5 Ne8 29. Rh2 Rac8 30. b3 Rc5 31. Ne3 Nf6 32. Kb2 Rd3 33. Re2 Re5 34.
Rge1 Nxh5 35. Nd5 Rxe2+ 36. Rxe2 Nf6 37. Nxf6 gxf6 38. Rf2 f5 39. f4 Rd4 40. Kc3
Re4 41. Kb4 Ke7 42. Kb5 Kd7 43. c5 Kc7 44. b4 Rd4 45. a4 Re4 46. Rf3 Rd4 47. Rf2
a6+ 48. Ka5 Kc6 49. Rh2 Rxf4 50. Rxh6+ Kc7 51. Rf6 Kd7 52. Rxf7+ Kc6 53. Rf6+
Kc7 54. b5 axb5 55. axb5 Re4 56. b6+ Kd8 57. Rxf5 Re1 58. Rf8+ Kd7 59. Rf7+ Kc6
60. Rc7+ Kd5 61. Rxb7 Ra1+ 62. Kb4 Rb1+ 63. Kc3 Kxc5 1/2-1/2